Online Public Access Catalogue

Esthetic Orthodontics & Orthodontics Surgery / (Record no. 10954)

MARC details
000 -LEADER
fixed length control field 00487nam a22001577a 4500
020 ## - INTERNATIONAL STANDARD BOOK NUMBER
International Standard Book Number 9788131220603
082 ## - DEWEY DECIMAL CLASSIFICATION NUMBER
Classification number 617.64
Author Mark SAR
100 ## - MAIN ENTRY--PERSONAL NAME
Author Name Saruar David .M
245 ## - TITLE STATEMENT
Title Esthetic Orthodontics & Orthodontics Surgery /
250 ## - EDITION STATEMENT
Edition statement 1st
260 ## - PUBLICATION, DISTRIBUTION, ETC.
Place of publication, distribution, etc. India
Name of publisher, distributor, etc. Jaypee
Date of publication, distribution, etc. 2010
300 ## - PHYSICAL DESCRIPTION
No of Pages 281p;
Dimensions 28cm
illustrations Ill;
504 ## - BIBLIOGRAPHY, ETC. NOTE
Bibliography, Index, etc. note Including Index, Ill
650 ## - SUBJECT ADDED ENTRY--TOPICAL TERM
Subject Dentistry,Orthodontics
Keywords Aesthetic aspects.
-- Aesthetics Dental
-- Facial Bones
-- IDH
942 ## - ADDED ENTRY ELEMENTS (KOHA)
Source of classification or shelving scheme
Koha item type Books
952 ## - LOCATION AND ITEM INFORMATION (KOHA)
-- 2019-05-28
Holdings
Item status Home library Current library Shelving location Date acquired Total Checkouts Full call number Barcode Date last seen Koha item type
  Islamabad Dental Hospital Islamabad Dental Hospital Islamabad Dental Hospital 28/05/2019   617.64 SAR D-10 28/05/2019 Books

Copyright @ IMDC Library
Islamabad Medical and Dental College
Bhara Kahu, Islamabad

  Contact the Librarian, IMDC
  Email:: library@imdcollege.edu.pk

  OPAC Customized by
  Mazhar Hussain,
  Librarian:
  Islamabad Medical and Dental College
  Email:: library@imdcollege.edu.pk